[Event "AUTO-ADV-4467"]
[Site "http://www.queenalice.com/game.php?id=1758742"]
[Date "2021.5.5"]
[Round "2"]
[White "arniecoruja"]
[Black "kryspin43"]
[Result "0-1"]
[WhiteElo "1943"]
[BlackElo "2063"]

1. d4 Nf6 2. e3 g6 3. Bd3 Bg7 4. f4 d6 5. Nf3 Nc6 6. O-O O-O 7. c3 e5 8. fxe5
dxe5 9. Nbd2 Re8 10. dxe5 Nxe5 11. Bc2 Nd3 12. Qe2 Bf5 13. Nd4 Rxe3 14. Qxe3 Ng4
15. Qxd3 Bxd3 16. Bxd3 c5 17. Be2 Bxd4+ 18. cxd4 Qxd4+ 19. Kh1 Nf2+ 20. Kg1 Nh3+
21. Kh1 Qg1+ 22. Rxg1 Nf2# 0-1

[Event "AUTO-ADV-4515"]
[Site "http://www.queenalice.com/game.php?id=1763210"]
[Date "2021.6.28"]
[Round "1"]
[White "fabricioprado"]
[Black "arniecoruja"]
[Result "0-1"]
[WhiteElo "1802"]
[BlackElo "1911"]

1. e4 c5 2. Nf3 d6 3. d4 cxd4 4. Nxd4 Nc6 5. Nxc6 bxc6 6. Bc4 Nf6 7. Nc3 e6 8.
O-O e5 9. Bg5 Be7 10. Bxf6 gxf6 11. Qf3 h5 12. h3 Qd7 13. Rad1 f5 14. a3 f4 15.
Kh2 Bb7 16. g3 fxg3+ 17. fxg3 Bc8 18. Bxf7+ Kd8 19. Bg6 Qxh3+ 20. Kg1 Bg4 21.
Qg2 Qxg2+ 22. Kxg2 Bxd1 23. Rxd1 Kc7 24. Rf1 Rag8 25. Bf5 Bh4 26. Rf3 Rg7 27.
Ne2 Bd8 28. Bh3 h4 29. g4 Rh6 30. Rf5 Rf6 31. Rxf6 Bxf6 32. Ng1 d5 33. exd5 cxd5
34. Ne2 Kc6 35. c3 a5 36. Kf3 Bg5 37. b3 Rf7+ 38. Kg2 Be3 0-1

[Event "AUTO-ADV-4515"]
[Site "http://www.queenalice.com/game.php?id=1763211"]
[Date "2021.6.28"]
[Round "1"]
[White "arniecoruja"]
[Black "fabricioprado"]
[Result "1-0"]
[WhiteElo "1916"]
[BlackElo "1733"]

1. d4 Nf6 2. e3 d5 3. Bd3 e6 4. Nd2 Be7 5. f4 O-O 6. Ngf3 c6 7. Ne5 Nbd7 8. O-O
Qc7 9. Rf3 g6 10. Rh3 Re8 11. Ndf3 Nf8 12. Ng5 Ne4 13. Nxe4 1-0

[Event "AUTO-ADV-4515"]
[Site "http://www.queenalice.com/game.php?id=1763224"]
[Date "2021.6.28"]
[Round "1"]
[White "SGF"]
[Black "arniecoruja"]
[Result "0-1"]
[WhiteElo "1649"]
[BlackElo "1911"]

1. e4 e6 2. Qf3 d5 3. exd5 exd5 4. d4 c6 5. c3 Bd6 6. Bd3 Qf6 7. h3 Qxf3 8. Nxf3
f5 9. Ng5 Nf6 10. Be2 O-O 11. g3 Ne4 12. Nxe4 fxe4 13. Bf4 Bxf4 14. gxf4 Rxf4
15. Nd2 Rh4 16. O-O-O Rxh3 17. Rxh3 Bxh3 18. f3 exf3 19. Nxf3 Nd7 20. Ng5 Bf5
21. Bh5 g6 22. Be2 Re8 23. Bd3 Bxd3 24. Rxd3 h6 25. Nf3 g5 26. Ne5 Nxe5 27. dxe5
Rxe5 28. b4 g4 29. a4 h5 30. Kd2 h4 31. Rd4 Rg5 32. Ke2 h3 33. Kf2 g3+ 34. Kg1
Kf7 35. Rh4 h2+ 36. Kg2 b6 37. Rh7+ Rg7 38. Rxg7+ Kxg7 39. a5 bxa5 40. bxa5 Kf6
41. a6 Ke5 42. Kh1 Ke4 43. Kg2 Kd3 44. Kh1 Kxc3 45. Kg2 d4 46. Kh1 d3 47. Kg2 d2
48. Kh1 d1=Q+ 49. Kg2 h1=Q+ 50. Kxg3 Qdf3# 0-1

[Event "AUTO-ADV-4515"]
[Site "http://www.queenalice.com/game.php?id=1763225"]
[Date "2021.6.28"]
[Round "1"]
[White "arniecoruja"]
[Black "SGF"]
[Result "0-1"]
[WhiteElo "1909"]
[BlackElo "1769"]

1. f4 e6 2. d4 Bb4+ 3. c3 Ba5 4. Nf3 f6 5. e3 Nc6 6. Bd3 a6 7. O-O h5 8. Bg6+
Ke7 9. e4 d6 10. f5 e5 11. Qb3 Qf8 12. dxe5 fxe5 13. Na3 Nf6 14. Bg5 Bb6+ 15.
Kh1 Na5 16. Qc2 Kd8 17. Rad1 Bd7 18. Ne1 Kc8 19. Bxf6 Qxf6 20. h4 Qxh4# 0-1

[Event "AUTO-ADV-4515"]
[Site "http://www.queenalice.com/game.php?id=1763232"]
[Date "2021.6.28"]
[Round "1"]
[White "DAlessandro"]
[Black "arniecoruja"]
[Result "1-0"]
[WhiteElo "1851"]
[BlackElo "1912"]

1. c4 e6 2. Nc3 d5 3. cxd5 exd5 4. e3 c6 5. Nf3 Bd6 6. Be2 f5 7. a3 Nf6 8. d3
O-O 9. O-O Qe8 10. Bd2 Qh5 11. h3 g5 12. Ne5 Qh4 13. Nf3 Qh6 14. e4 f4 15. e5 g4
16. exd6 gxh3 17. Nh2 hxg2 18. Kxg2 Rf7 19. Kh1 Bf5 20. Rg1+ Kf8 21. Qc1 Rg7 22.
Bxf4 Rxg1+ 23. Kxg1 Qg6+ 24. Kh1 h5 25. Qg1 Qf7 26. Qg5 Bg6 27. Rg1 Kg7 28. Qh6+
1-0

[Event "AUTO-ADV-4515"]
[Site "http://www.queenalice.com/game.php?id=1763233"]
[Date "2021.6.28"]
[Round "1"]
[White "arniecoruja"]
[Black "DAlessandro"]
[Result "1-0"]
[WhiteElo "1894"]
[BlackElo "1869"]

1. f4 c5 2. Nf3 d6 3. e3 a6 4. d4 cxd4 5. exd4 Nf6 6. Bd3 e6 7. O-O Be7 8. Nbd2
Bd7 9. c3 Nc6 10. Ne4 d5 11. Ned2 Rc8 12. Ne5 O-O 13. Rf3 Nxe5 14. fxe5 Ne8 15.
Bxh7+ Kxh7 16. Rh3+ Kg8 17. Qh5 f5 18. Nf3 f4 19. g3 Rf5 20. Qh7+ Kf7 21. gxf4
Nf6 22. exf6 Bxf6 23. Ne5+ Bxe5 24. fxe5 Qg8 25. Qxg8+ Rxg8 26. Bd2 g5 27. Rf1
Ke7 28. Rxf5 exf5 29. Rh5 g4 30. Bg5+ Kf7 31. Bf6 f4 32. Rh7+ Ke8 33. Re7+ Kf8
34. Rxd7 1-0

[Event "AUTO-ADV-4521"]
[Site "http://www.queenalice.com/game.php?id=1764643"]
[Date "2021.7.18"]
[Round "1"]
[White "rmvwoods"]
[Black "arniecoruja"]
[Result "1/2-1/2"]
[WhiteElo "2010"]
[BlackElo "1920"]

1. d4 d5 2. c4 e6 3. Nc3 c6 4. Nf3 Bd6 5. Bg5 Ne7 6. Bxe7 Qxe7 7. e3 Nd7 8. cxd5
exd5 9. Be2 O-O 10. O-O f5 11. Qc2 Nf6 12. Ng5 Ne4 13. Ngxe4 fxe4 14. f3 Qh4 15.
f4 Rf6 16. Rf2 g5 17. g3 Qh6 18. Bf1 g4 19. Rd1 Bf5 20. Rg2 Qg6 21. Qb3 Rf7 22.
Rdd2 h5 23. Na4 1/2-1/2

[Event "AUTO-ADV-4521"]
[Site "http://www.queenalice.com/game.php?id=1764644"]
[Date "2021.7.18"]
[Round "1"]
[White "arniecoruja"]
[Black "rmvwoods"]
[Result "0-1"]
[WhiteElo "1924"]
[BlackElo "2006"]

1. d4 d5 2. e3 Nf6 3. Bd3 c5 4. c3 Nc6 5. f4 a6 6. Nf3 Bg4 7. O-O e6 8. Qe1 cxd4
9. exd4 Bd6 10. Ne5 Qb6 11. Qh4 Bxe5 12. fxe5 Nxe5 13. h3 Nxd3 14. hxg4 Nxc1 15.
Rxc1 Qxb2 16. Qg5 Ne4 17. Qf4 O-O 18. Na3 Qxa3 19. Rf1 Qxc3 20. Rac1 Qxd4+ 21.
Kh1 g5 0-1

[Event "AUTO-ADV-4521"]
[Site "http://www.queenalice.com/game.php?id=1764659"]
[Date "2021.7.18"]
[Round "1"]
[White "Redtom"]
[Black "arniecoruja"]
[Result "1-0"]
[WhiteElo "2057"]
[BlackElo "1923"]

1. e4 e6 2. d4 d5 3. Nc3 Nf6 4. Bg5 Be7 5. e5 Nfd7 6. h4 Nc6 7. Bxe7 Qxe7 8. Qg4
f5 9. Qf4 Qb4 10. O-O-O Ndxe5 11. a3 Qe7 12. dxe5 Bd7 13. Nf3 O-O-O 14. Nd4 Nxd4
15. Qxd4 c5 16. Qd2 b5 17. Bxb5 d4 18. Bxd7+ Rxd7 19. Na4 Rhd8 20. Qa5 Rc7 21.
f4 c4 22. Kb1 d3 23. cxd3 cxd3 24. Qa6+ Rb7 25. Rxd3 Rxd3 26. Qxd3 h5 27. Rc1+
Rc7 28. Rxc7+ Qxc7 29. Qc3 Qxc3 30. Nxc3 a6 31. Na4 Kb7 32. Nc5+ 1-0

[Event "AUTO-ADV-4521"]
[Site "http://www.queenalice.com/game.php?id=1764660"]
[Date "2021.7.18"]
[Round "1"]
[White "arniecoruja"]
[Black "Redtom"]
[Result "1-0"]
[WhiteElo "1920"]
[BlackElo "2079"]

1. d4 f5 2. f4 Nf6 3. c4 g6 4. Nc3 Bg7 5. Nf3 O-O 6. Ng5 h6 7. Nf3 d6 8. e3 c6
9. Bd3 Qe8 10. O-O Na6 11. a3 Nc7 12. Qc2 Ng4 13. h3 Nf6 14. e4 fxe4 15. Nxe4
Nxe4 16. Bxe4 Bf5 17. Bxf5 Rxf5 18. g4 Rf8 19. h4 e5 20. dxe5 dxe5 21. fxe5 Ne6
22. b4 Rd8 23. Bb2 Rf4 24. Nh2 Nd4 25. Bxd4 Rdxd4 26. Rxf4 Rxf4 27. Re1 h5 28.
Qe2 Qe7 29. g5 Rxh4 30. Nf3 Rg4+ 31. Kf2 Rf4 32. Qd3 Qxg5 33. Rg1 Qxe5 34. Kg2
Rg4+ 35. Kh1 Rxg1+ 36. Kxg1 Qg3+ 37. Kf1 Bf6 38. Qe4 Kf7 39. Qd3 h4 40. Qd7+ Be7
41. Qd3 h3 42. Qe2 Bd6 43. c5 Qf4 44. cxd6 Qc1+ 45. Kf2 Qf4 46. Qe7+ 1-0

[Event "AUTO-ADV-4521"]
[Site "http://www.queenalice.com/game.php?id=1764671"]
[Date "2021.7.18"]
[Round "1"]
[White "arniecoruja"]
[Black "fabricioprado"]
[Result "1-0"]
[WhiteElo "1942"]
[BlackElo "1728"]

1. d4 d5 2. e3 Bf5 3. f4 Nc6 4. c3 h6 5. Bd3 Bxd3 6. Qxd3 Nf6 7. Nd2 e6 8. Ngf3
Be7 9. O-O O-O 10. Ne5 a6 11. Rf3 Nxe5 12. fxe5 Nd7 13. e4 dxe4 14. Nxe4 f5 15.
exf6 Nxf6 16. Nxf6+ Rxf6 17. Rxf6 Bxf6 18. Qg6 Bg5 19. Bxg5 Qxg5 20. Qxe6+ Kh7
21. Qe4+ Kh8 22. Re1 c6 23. Qe3 Qxe3+ 24. Rxe3 Rb8 25. a4 Kg8 26. b4 Kf7 27. c4
Rd8 28. Rd3 Rd7 29. Kf2 Kf6 30. h4 g5 31. hxg5+ hxg5 32. Kf3 b6 33. Ke4 Re7+ 34.
Kf3 Rd7 35. Ke4 Re7+ 36. Kf3 Kf5 37. g4+ Kf6 38. b5 a5 39. bxc6 Rc7 40. d5 Kf7
41. Ke4 Kf6 42. Rf3+ Kg6 43. Ke5 Re7+ 44. Kd6 Ra7 45. c7 1-0

[Event "AUTO-ADV-4521"]
[Site "http://www.queenalice.com/game.php?id=1764672"]
[Date "2021.7.18"]
[Round "1"]
[White "fabricioprado"]
[Black "arniecoruja"]
[Result "0-1"]
[WhiteElo "1783"]
[BlackElo "1905"]

1. e4 e6 2. Nc3 d5 3. exd5 exd5 4. d4 c6 5. Nf3 Bd6 6. Be2 f5 7. O-O Nf6 8. Bg5
O-O 9. a3 Qe8 10. Re1 Ne4 11. Nxe4 fxe4 12. Ne5 Bxe5 13. dxe5 Qxe5 14. Bh4 Nd7
15. c3 Nf6 16. Bg3 Qe7 17. b4 g5 18. f3 Bf5 19. fxe4 Bxe4 20. Bd3 Rae8 21. Bxe4
Nxe4 22. Rc1 Qf7 23. Qe2 Nxg3 24. hxg3 Rxe2 25. Rxe2 g4 26. Ree1 Qf2+ 0-1

[Event "AUTO-ADV-4414"]
[Site "http://www.queenalice.com/game.php?id=1771023"]
[Date "2021.9.28"]
[Round "2"]
[White "arniecoruja"]
[Black "clovis"]
[Result "0-1"]
[WhiteElo "1916"]
[BlackElo "2156"]

1. d4 d5 2. e3 Nf6 3. Bd3 Bg4 4. Nf3 e6 5. h3 Bh5 6. g4 Bg6 7. Bxg6 hxg6 8. Nbd2
Nxg4 9. Ne5 Nxe5 10. dxe5 Nd7 11. Nf3 c6 12. b3 Qc7 13. Bb2 c5 14. Qe2 Rc8 15.
O-O-O Be7 16. a3 c4 17. bxc4 dxc4 18. c3 Nxe5 19. Nxe5 Qxe5 20. Rd4 b5 21. a4
bxa4 22. Rxc4 O-O 0-1

[Event "AUTO-ADV-4414"]
[Site "http://www.queenalice.com/game.php?id=1771024"]
[Date "2021.9.28"]
[Round "2"]
[White "clovis"]
[Black "arniecoruja"]
[Result "1-0"]
[WhiteElo "2149"]
[BlackElo "1910"]

1. e4 c6 2. d4 e6 3. Nf3 d5 4. e5 c5 5. c3 c4 6. b3 b5 7. a4 b4 8. bxc4 bxc3 9.
Nxc3 Bb4 10. Qb3 a5 11. Bd2 Na6 12. Nb5 Rb8 13. Bxb4 Nxb4 14. Nd6+ Kf8 15. c5
Ba6 16. Bb5 Bxb5 17. axb5 Qd7 18. Rxa5 Ne7 19. Qxb4 Nc6 20. bxc6 Rxb4 21. cxd7
Ke7 22. O-O Kxd7 23. Ra7+ Kc6 24. Rfa1 Rhb8 25. R1a6+ R8b6 26. Rxb6+ Rxb6 27.
cxb6 Kxb6 28. Rxf7 1-0

[Event "AUTO-ADV-4414"]
[Site "http://www.queenalice.com/game.php?id=1771025"]
[Date "2021.9.28"]
[Round "2"]
[White "arniecoruja"]
[Black "Wecker"]
[Result "0-1"]
[WhiteElo "1922"]
[BlackElo "1861"]

1. d4 Nf6 2. e3 g6 3. Bd3 Bg7 4. f4 d6 5. Nf3 O-O 6. O-O Bg4 7. Qe1 Nbd7 8. c3
Re8 9. e4 e5 10. fxe5 dxe5 11. d5 Nc5 12. Bc2 c6 13. b4 Ncd7 14. c4 cxd5 15.
cxd5 Qc7 16. Qc3 Rac8 17. Qxc7 Rxc7 18. Bb3 Nxe4 19. Bb2 Kh8 20. Nbd2 Nd6 0-1

[Event "AUTO-ADV-4414"]
[Site "http://www.queenalice.com/game.php?id=1771026"]
[Date "2021.9.28"]
[Round "2"]
[White "Wecker"]
[Black "arniecoruja"]
[Result "0-1"]
[WhiteElo "1912"]
[BlackElo "1904"]

1. g3 d5 2. Bg2 e6 3. e4 Bd6 4. exd5 exd5 5. Bxd5 Bxg3 6. Bxf7+ Kxf7 7. hxg3
Qe7+ 8. Ne2 Bg4 9. Nc3 Nf6 10. d3 Re8 11. Be3 c6 12. Qd2 Qb4 13. O-O-O Qa5 14.
Kb1 Be6 15. f4 b5 16. Ne4 Qxa2+ 0-1

[Event "AUTO-MASTER-3033"]
[Site "http://www.queenalice.com/game.php?id=1772448"]
[Date "2021.10.17"]
[Round "2"]
[White "clovis"]
[Black "arniecoruja"]
[Result "1-0"]
[WhiteElo "2111"]
[BlackElo "1904"]

1. e4 c5 2. Nf3 g6 3. d4 d6 4. Bb5+ Bd7 5. Nc3 Bxb5 6. Nxb5 Qa5+ 7. Nc3 Bg7 8.
O-O Nd7 9. dxc5 Nxc5 10. Bd2 Qd8 11. Rb1 e6 12. Qe2 Ne7 13. Nb5 a6 14. Bc3 Bxc3
15. Nxc3 h5 16. e5 d5 17. Ng5 Nf5 18. f4 b5 19. Rbd1 Qb6 20. Rxd5 1-0

[Event "AUTO-ADV-4563"]
[Site "http://www.queenalice.com/game.php?id=1775762"]
[Date "2021.11.28"]
[Round "1"]
[White "arniecoruja"]
[Black "deathbydixxon"]
[Result "0-1"]
[WhiteElo "1882"]
[BlackElo "1970"]

1. d4 d5 2. e3 a6 3. f4 Nf6 4. Bd3 Bg4 5. Nf3 Nc6 6. O-O Qd6 7. Qe1 O-O-O 8. Ne5
Bh5 9. Bd2 Ne4 10. c4 Nxd2 0-1

[Event "AUTO-ADV-4563"]
[Site "http://www.queenalice.com/game.php?id=1775763"]
[Date "2021.11.28"]
[Round "1"]
[White "deathbydixxon"]
[Black "arniecoruja"]
[Result "1-0"]
[WhiteElo "1956"]
[BlackElo "1896"]

1. e4 e6 2. d4 d5 3. e5 c5 4. c3 Nc6 5. Nf3 Nh6 6. Bxh6 gxh6 7. Bb5 Qb6 8. Bxc6+
Qxc6 9. Nbd2 Bd7 10. Qc2 c4 11. b3 1-0